ბათუმის შოთა რუსთაველის სახელმწიფო უნივერსიტეტის ბიბლიოთეკა

ბალადები (ბიბ.ჩანაწერი № 49900)

000 -LEADER
fixed length control field 00816nam a2200217Ia 4500
001 - CONTROL NUMBER
control field 16836
003 - CONTROL NUMBER IDENTIFIER
control field GE_BSU
008 - FIXED-LENGTH DATA ELEMENTS--GENERAL INFORMATION
fixed length control field 181216s||||||||xx |||||||||||||| ||und||
040 ## - CATALOGING SOURCE
Transcribing agency GE_BSU
080 ## - UNIVERSAL DECIMAL CLASSIFICATION NUMBER
Universal Decimal Classification number 821.353.1-144
100 ## - MAIN ENTRY--PERSONAL NAME
Personal name გომიაშვილი, ალექსანდრე
245 ## - TITLE STATEMENT
Title ბალადები
245 ## - TITLE STATEMENT
Remainder of title უკანასკნელი დღე კეცხოველისა, სნაიპერის სიყვარული, რუსთაველი და ვაჟა-ფშაველა და სხვ.
245 ## - TITLE STATEMENT
Statement of responsibility, etc. რედ.ს. ჩიქოვანი
260 ## - PUBLICATION, DISTRIBUTION, ETC.
Place of publication, distribution, etc. თბილისი
260 ## - PUBLICATION, DISTRIBUTION, ETC.
Name of publisher, distributor, etc. კომუნისტი
260 ## - PUBLICATION, DISTRIBUTION, ETC.
Date of publication, distribution, etc. 1946
300 ## - PHYSICAL DESCRIPTION
Extent 115გვ. ; 16სმ.
653 ## - INDEX TERM--UNCONTROLLED
Uncontrolled term ბალადები
942 ## - ADDED ENTRY ELEMENTS (KOHA)
Koha item type წიგნი
ეგზემპლარები
Withdrawn status Lost status Damaged status Not for loan Date acquired Barcode Date last seen Price effective from Koha item type
        2018-12-17 21843 2018-12-17 2018-12-17 წიგნი
        2018-12-17 21844 2018-12-17 2018-12-17 წიგნი